Library Banner

Nutrition for sport, exercise, and health / (Record no. 137290)

MARC details
000 -LEADER
fixed length control field 00600nam a22001937a 4500
005 - DATE AND TIME OF LATEST TRANSACTION
control field 20250411112616.0
008 - FIXED-LENGTH DATA ELEMENTS--GENERAL INFORMATION
fixed length control field 250411b |||||||| |||| 00| 0 eng d
020 ## - INTERNATIONAL STANDARD BOOK NUMBER
International Standard Book Number 9781718207783
040 ## - CATALOGING SOURCE
Transcribing agency PK-LaUMT
082 ## - DEWEY DECIMAL CLASSIFICATION NUMBER
Classification number 613.7
Item number SPA-N
100 ## - MAIN ENTRY--PERSONAL NAME
Personal name Spano, Marie A.
245 ## - TITLE STATEMENT
Title Nutrition for sport, exercise, and health /
Statement of responsibility, etc by Marie A. Spano, Laura J. Kruskall and D. Travis Thomas
250 ## - EDITION STATEMENT
Edition statement 2nd ed.
260 ## - PUBLICATION, DISTRIBUTION, ETC. (IMPRINT)
Place of publication, distribution, etc Champain :
Name of publisher, distributor, etc Human Kinetics,
Date of publication, distribution, etc 2024
300 ## - PHYSICAL DESCRIPTION
Extent 468 p.
650 ## - SUBJECT ADDED ENTRY--TOPICAL TERM
Topical term or geographic name as entry element Physical fitness
650 ## - SUBJECT ADDED ENTRY--TOPICAL TERM
Topical term or geographic name as entry element Sports nutritional physiological phenomena
942 ## - ADDED ENTRY ELEMENTS (KOHA)
Koha item type Books
Holdings
Withdrawn status Lost status Damaged status Home library Current library Date acquired Full call number Barcode Date last seen Price effective from Koha item type
      UMT Main Campus UMT Main Campus 2025-04-11 613.7 SPA-N 149303 2025-04-11 2025-04-11 Books